| 000 | 00894nam a22002297a 4500 | ||
|---|---|---|---|
| 999 |
_c19047 _d19047 |
||
| 003 | AR-CdUCM | ||
| 008 | 190516b ||||| |||| 00| 0 spa d | ||
| 040 |
_aMUNICIPALIDAD PROVINCIAL DEL CUSCO _cBIBLIOTECA MUNICIPAL DEL CUSCO |
||
| 082 |
_a517.1 / _bB82 |
||
| 100 |
_aBreuer, J _940114 |
||
| 245 | _aIniciación a la teoría de los conjuntos / | ||
| 300 |
_a162 paginas ; _bIlustraciones, formulas, conjuntos, _c22 cm. |
||
| 500 | _aTitulo original : Einfuhrung in die mengenlehre | ||
| 505 | _aContenido : Sobre concepto de conjunto --Operaciones con conjuntos Conjuntos numerables -- Conjuntos infinitos... | ||
| 650 |
_aOperación con conjuntos _940115 |
||
| 650 |
_aConjuntos _927203 |
||
| 650 |
_aNúmeros algebraicos _940116 |
||
| 650 |
_aNúmeros cardinales _940117 |
||
| 700 |
_aPerez Vilaplana, Jose (Traducción) _940118 |
||
| 942 |
_2ddc _cLIBROS |
||
| 945 |
_awnts _d2019-05-16 |
||